000 00401nam a2200157Ia 4500
008 160316s1976 xxu||||| |||| 00| 0 eng d
082 _a347.077000
_bRAG
100 _aRagnemalm Hans
245 _aAdministrative appeal and extraordinary remedies in sweden
250 _a
260 _aUppsala
_bNimquist and Wiksell
_c1976
300 _a221p
_b
_c
365 _bRs.17.75
650 _a
700 _a
_a
999 _c4221
_d4221